Intolerancia e Inquisición (Record no. 168328)

MARC details
000 -LEADER
campo de control de longitud fija 01421nam a2200289 i 4500
001 - NÚMERO DE CONTROL
campo de control 168328
003 - IDENTIFICADOR DE NÚMERO DE CONTROL
campo de control ES-MaACL
005 - FECHA Y HORA DE LA ÚLTIMA TRANSACCIÓN
campo de control 20250826033908.0
008 - DATOS DE LONGITUD FIJA--INFORMACIÓN GENERAL
campo de control de longitud fija 080312s2006 sp |||| | spa d
020 ## - NÚMERO INTERNACIONAL ESTÁNDAR DEL LIBRO
Número Internacional Estándar del Libro 84-96411-06-0
080 ## - NÚMERO DE LA CLASIFICACIÓN DECIMAL UNIVERSAL
Número de la Clasificación Decimal Universal 272(063)
111 2# - ENTRADA PRINCIPAL--NOMBRE DE CONGRESO/REUNIÓN
Nombre de congreso/reunión o jurisdicción como elemento de entrada Congreso Internacional sobre Intolerancia e Inquisición
Fecha del congreso o de la firma del tratado (2004.
Sede del congreso/Lugar de la reunión Madrid.
-- Segovia)
9 (RLIN) 151163
245 10 - MENCIÓN DEL TÍTULO
Título Intolerancia e Inquisición
Resto del título : [actas del Congreso Internacional sobre Intolerancia e Inquisición, celebrado en Madrid y Segovia en 2004] /
Mención de responsabilidad, etc. edición de José Antonio Escudero.
260 ## - PUBLICACIÓN, DISTRIBUCIÓN, ETC.
Lugar de publicación, distribución, etc. [Madrid] :
Nombre del editor, distribuidor, etc. Sociedad Estatal de Conmemoraciones Culturales,
Fecha de publicación, distribución, etc. [2006]
300 ## - DESCRIPCIÓN FÍSICA
Extensión 3 v. (604, 494, 583 p.) ;
Dimensiones 24 cm.
504 ## - NOTA DE BIBLIOGRAFÍA, ETC.
Nota de bibliografía, etc. Referencias bibliográficas.
546 ## - NOTA DE IDIOMA
Nota de lengua/lenguaje Textos en español, italiano, francés y portugués.
650 #4 - PUNTO DE ACCESO ADICIONAL DE MATERIA--TÉRMINO DE MATERIA
Término de materia o nombre geográfico como elemento de entrada Inquisición-
Subdivisión de forma Congresos y asambleas.
9 (RLIN) 137471
700 1# - ENTRADA AGREGADA--NOMBRE PERSONAL
Nombre de persona Escudero, José Antonio.
9 (RLIN) 47686
710 2# - ENTRADA AGREGADA--NOMBRE DE ENTIDAD CORPORATIVA
Nombre de entidad corporativa o nombre de jurisdicción como elemento de entrada Sociedad Estatal de Conmemoraciones Culturales (España)
9 (RLIN) 134893
852 ## - LOCALIZACIÓN
Ubicación ES-MaACL
Número de control de estantería A-12149
itemnumber 174835
Sublocalización o colección R.143228
Ubicación en estantería Depósito 1
Signatura antigua Olim: N-5154
Encuadernación Donación: José Luis Abellán
852 ## - LOCALIZACIÓN
Ubicación ES-MaACL
Número de control de estantería A-12150
itemnumber 200566
Sublocalización o colección R.143228
Ubicación en estantería Depósito 1
Signatura antigua Olim: N-5155
Encuadernación Donación: José Luis Abellán
852 ## - LOCALIZACIÓN
Ubicación ES-MaACL
Número de control de estantería A-12151
itemnumber 200567
Sublocalización o colección R.143228
Ubicación en estantería Depósito 1
Signatura antigua Olim: N-5156
Encuadernación Donación: José Luis Abellán
903 ## - NOMBRE PERSONAL DE DONANTE
a Abellán, José Luis,
d 1933-2023
e Donante
q 1
9 176509
942 ## - ELEMENTOS DE ENTRADA SECUNDARIOS (KOHA)
Fuente del sistema de clasificación o colocación Clasificación decimal universal
Tipo de ítem Koha Libro impreso
Holdings
Estatus retirado Estado de pérdida Fuente del sistema de clasificación o colocación Estado de daño No para préstamo Biblioteca de origen Biblioteca actual Ubicación en estantería Fecha de adquisición Fuente de adquisición Enumeración/cronología de publicación seriada Total de préstamos Signatura topográfica completa Código de barras Visto por última vez Precio de reemplazo Tipo de ítem Koha
    Clasificación decimal universal     Biblioteca del Ateneo de Madrid Biblioteca del Ateneo de Madrid Depósito 1 12/03/2008 Donación v.1   A-12149 1176623 23/02/2023 23/02/2023 Libro impreso
    Clasificación decimal universal     Biblioteca del Ateneo de Madrid Biblioteca del Ateneo de Madrid Depósito 1 12/03/2008 Donación v.2   A-12150 101205862 30/09/2023 23/02/2023 Libro impreso
    Clasificación decimal universal     Biblioteca del Ateneo de Madrid Biblioteca del Ateneo de Madrid Depósito 1 12/03/2008 Donación v.3   A-12151 101205861 30/09/2023 23/02/2023 Libro impreso